000 00840cam a2200301 4500500
005 20260405003420.0
041 _afre
042 _adc
100 1 0 _aSorente, Isabelle
_eauthor
245 0 0 _aÀ quoi voit-on qu’on a vieilli ?
260 _c2021.
500 _a78
690 _aÂge
690 _aChloé Delaume
690 _aJeunesse
690 _aMarylin Maeso
690 _aMort
690 _aNicolas Tenaillon
690 _aPascal Bruckner
690 _aPascal Quignard
690 _aSimon Johannin
690 _aSusan Neiman
690 _aVieillesse
690 _avieillir
690 _aVieillissement
786 0 _nPhilosophie magazine | 155 | 12 | 2021-12-01 | p. 22-22 | 1951-1787
856 4 1 _uhttps://shs.cairn.info/magazine-philosophie-magazine-2021-12-1-page-22?lang=fr&redirect-ssocas=7080
999 _c2067315
_d2067315